000 00664nam a2200229Ia 4500
003 GCL
005 20240530103702.0
008 140319s9999 xx 000 0 ara d
040 _aGCL /
_cGCL
082 0 4 _a937.06
_bج م
100 1 _aاحسان عباس
245 1 0 _aمدن بلاد الشام : 2 /
_cاحسان عباس
260 _a[S.N] :
_bدار الشروق ،
_c1986
300 _a191 ص
490 _aبحوث فى تاريخ بلاد الشام
_v0
650 0 4 _aتاريخ
650 0 4 _aالشام
650 0 4 _aالمدن الاسلامية
650 0 4 _aالمدن العربية
700 1 _aجونز، ا . م .
942 _2ddc
_cBK
999 _c41670
_d41670